[Event "EICC 2021"]
[Site "Reykjavik"]
[Date "2021.08.29"]
[Round "4.28"]
[White "Saraci, Nderim"]
[Black "Keymer, Vincent"]
[Result "0-1"]
[WhiteElo "2455"]
[BlackElo "2602"]
[Annotator "TA"]
[PlyCount "110"]
[EventDate "2021.08.26"]
[EventType "swiss"]
[EventCountry "ISL"]
[Tiebreak "Cut1 Buchholz"]
[SourceTitle "playchess.com"]
[Source "ChessBase"]
[SourceQuality "1"]

{[%evp 17,110,9,3,0,0,-4,0,-32,-33,-57,-48,-88,-23,-54,-47,-50,-58,-35,-60,-43,
-58,-45,-35,-52,-55,-57,-42,-70,-80,-89,-47,-56,-56,-56,-44,-60,-52,-52,-41,
-60,-49,-121,-124,-130,0,0,0,0,0,0,0,0,0,0,2,0,0,0,0,0,0,-151,0,-4,0,0,0,0,0,0,
0,-8,0,0,0,0,0,0,0,0,0,-243,-243,-243,-243,-243,-243,-259,-262,-29980,-29981,
-29981,-29982,-29983,-29984]} 1. d4 Nf6 2. c4 e6 3. Nf3 d5 4. Nc3 c6 5. Bg5 h6
6. Bxf6 Qxf6 7. g3 Nd7 8. Bg2 dxc4 9. O-O Be7 10. e3 {D43: Semi-Slav: 5 Bg5 h6.
} O-O 11. Nd2 Nb6 {[#]} 12. Qh5 $146 {The position is equal.} ({Predecessor:} 
12. a4 a5 13. f4 Bb4 14. Qe2 c5 15. dxc5 Bxc5 16. Nce4 Qe7 17. Nxc5 Qxc5 18.
Rfc1 {1/2-1/2 (31) Van Wely,L (2695)-Giri,A (2773) Wijk aan Zee 2017}) 12...
Rd8 13. a4 a5 $1 14. Rfc1 Bb4 (14... Qf5 $17 15. Qxf5 exf5) 15. Bf1 e5 16. dxe5
Qf5 17. Qxf5 Bxf5 18. Nxc4 Nxc4 19. Bxc4 Rd2 20. b3 Re8 21. Ne2 Bg4 22. Nf4
Rxe5 23. Nd3 Rh5 (23... Rf5 {is interesting.} 24. e4 Rf6 25. Rab1 Be2 26. Nxb4
axb4 27. Bxe2 Rxe2 28. f4 Rxe4 29. Re1 Rxe1+ 30. Rxe1 Kf8) 24. Nxb4 axb4 25. e4
Re5 26. Re1 g5 27. Kg2 Kg7 28. h3 Bh5 29. Re3 ({Better is} 29. Kf1 $15) 29...
f5 $17 30. Rae1 Rb2 (30... f4 $17 31. gxf4 gxf4) 31. exf5 $11 Rxf5 32. Rf1 {
Hoping for g4.} Bf7 33. Re7 b6 34. Rb7 c5 35. Rxb6 Bxc4 36. bxc4 {[%mdl 4096]
Endgame KRR-KRR} Ra2 37. Rb7+ Kf6 38. Rb5 Rxa4 39. Re1 $2 (39. g4 $11 Re5 40.
Rd1) 39... Ra6 $2 ({Black should try} 39... Ra2 $1 $17 40. Rb6+ Kg7 41. Rb7+
Kg6 42. Rb6+ Rf6 43. Rxf6+ Kxf6) 40. Re8 Kg7 41. Re7+ Rf7 (41... Kg6 {keeps
more tension.} 42. g4 Rf7 43. Re5 Rc6 44. Kg3 Kh7) 42. Rxf7+ Kxf7 43. Rxc5 {
KR-KR} Rb6 {White must now prevent ...b3.} 44. Re5 b3 {...b2 is the strong
threat.} 45. Re1 b2 46. Rb1 Ke6 {Threatens to win with ...Kd6.} 47. Kf3 Kd6 {
aiming for ...Kc5.} 48. Ke3 Kc5 49. Kd2 $2 (49. Kd3 $11 {and White has nothing
to worry.}) 49... Kxc4 $19 {Strongly threatening ...Kb3.} 50. Kc2 {[#]} Kd4 $1
51. f4 (51. Rxb2 Rxb2+ 52. Kxb2 Ke4 $19) 51... gxf4 52. gxf4 {[#]} Ke4 $1 {
[%cal Re4f4]} 53. Rxb2 $2 (53. f5 $19 Kxf5 54. Rf1+ Kg5 55. Kb1) 53... Rxb2+ {
Black mates.} 54. Kxb2 Kxf4 55. Kc2 Kg3 {Weighted Error Value: White=0.40/
Black=0.11} 0-1

[Event "EICC 2021"]
[Site "Reykjavik"]
[Date "2021.08.29"]
[Round "4.29"]
[White "Vogel, Roven"]
[Black "Sivuk, Vitaly"]
[Result "1-0"]
[WhiteElo "2441"]
[BlackElo "2589"]
[Annotator "TA"]
[PlyCount "80"]
[EventDate "2021.08.26"]
[EventType "swiss"]
[EventCountry "ISL"]
[Tiebreak "Cut1 Buchholz"]
[SourceTitle "playchess.com"]
[Source "ChessBase"]
[SourceQuality "1"]

{[%evp 16,80,55,28,18,18,21,26,36,0,18,17,19,0,13,20,15,-47,-41,-31,0,0,5,24,
64,85,54,68,78,56,172,177,170,177,170,170,170,170,173,172,192,186,181,170,171,
51,456,483,471,490,481,465,1055,1028,29976,29978,29978,29979,29976,29980,29980,
29981,29981,29981,29980,12844,29995]} 1. c4 Nf6 2. Nc3 g6 3. g3 Bg7 4. Bg2 O-O
5. d4 d6 6. Nf3 Nbd7 7. O-O e5 8. e4 Re8 9. h3 b6 {E67: King's Indian:
Fianchetto: 6...Nbd7.} 10. d5 Nc5 11. Ne1 a5 {[#] White has an edge.} 12. Nc2
$146 ({Predecessor:} 12. b3 Rf8 13. Rb1 Nh5 14. a3 f5 15. exf5 Bxf5 16. Nc2 Bd3
17. Ne2 e4 18. Be3 {0-1 (39) Vakhidov,J (2534)-Praggnanandhaa,R (2608) Europe
Echecs INT 2021}) 12... Rf8 13. Bg5 h6 14. Be3 Nh7 15. Qd2 f5 16. f4 ({White
should try} 16. exf5 $1 $11 Bxf5 17. Bxc5 bxc5 18. Ne3) 16... exf4 $15 17. Bxf4
Ng5 {[%cal Rf5e4]} (17... g5 $5 18. Be3 $8 fxe4 $11) 18. Nd4 $1 Qf6 19. Nc6 Ba6
(19... Ngxe4 $6 20. Nxe4 fxe4 21. Be3 $16) 20. e5 dxe5 21. Bxe5 {[%mdl 64]
Double Attack} Qf7 22. Rae1 {Hoping for h4.} Rae8 {[#]} ({Don't go for} 22...
Bxc4 $2 23. Rf4 $16) (22... Bxe5 $1 $14 23. Nxe5 Qg7) 23. h4 $1 $18 {[%cal
Rh4g5]} Nh7 24. d6 $36 {[%mdl 2048] Black is under strong pressure.} cxd6 {[#]}
25. Bd5 $1 dxe5 26. Bxf7+ Rxf7 27. Qd6 {Black must now prevent Nd5.} Rd7 28.
Qxg6 Re6 29. Qxf5 Rxc6 {[#]} 30. Rd1 (30. b3 $1 $18) 30... Nf8 $2 {[%mdl 8192]
This move loses the game for Black.} (30... Rf6 $14 31. Qg4 Rxf1+ 32. Kxf1 (32.
Rxf1 Rd4 $11) 32... Nf6) 31. Rxd7 Ncxd7 32. Nd5 {aiming for Qf7+.} Kh8 33. b3 {
Threatens to win with Qf7.} Bb7 (33... e4 $142 34. Rf4 Re6 35. Rxe4 Rxe4 36.
Qxe4 Bb7) 34. Qf7 {White threatens Ne7 and mate.} Rg6 35. Ne7 {[%csl Ge7][%cal
Rf7g8]} Rxg3+ 36. Kh2 {[%csl Ge7][%cal Rf7g8]} Rg2+ 37. Kh3 {[%csl Ge7][%cal
Rf7g8]} Bf6 38. Rxf6 Nxf6 39. Qxf6+ Kh7 40. Qxf8 Bc8+ {Weighted Error Value:
White=0.13/Black=0.46} 1-0

[Event "EICC 2021"]
[Site "Reykjavik"]
[Date "2021.08.29"]
[Round "4.30"]
[White "Juksta, Karolis"]
[Black "Can, Emre"]
[Result "1-0"]
[WhiteElo "2438"]
[BlackElo "2569"]
[Annotator "TA"]
[PlyCount "99"]
[EventDate "2021.08.26"]
[EventType "swiss"]
[EventCountry "ISL"]
[Tiebreak "Cut1 Buchholz"]
[SourceTitle "playchess.com"]
[Source "ChessBase"]
[SourceQuality "1"]

{[%evp 13,99,-8,-8,-39,11,10,23,33,25,32,38,-63,31,30,34,16,16,19,16,18,8,7,12,
6,7,7,4,7,8,4,6,0,0,0,0,0,0,-3,-1,-13,-8,-12,0,0,0,0,0,-2,0,0,0,-16,-12,-18,0,
-51,-28,-28,0,0,0,0,0,0,0,-16,-16,-12,0,11,60,0,0,0,0,0,66,43,117,80,110,0,119,
32,45,0,5147,5143]} 1. d4 Nf6 2. c4 e6 3. Nc3 Bb4 4. g3 O-O 5. Bg2 d5 6. Nf3
dxc4 7. O-O Nc6 8. Qa4 {E20: Nimzo-Indian: 4 g3 and 4 f3.} Bd7 9. Bg5 a5 10.
Bxf6 {White has an edge.} Qxf6 11. a3 Nb8 {[#]} 12. Nb5 $146 {[#]} (12. Qc2 $14
Bxc3 13. Qxc3) ({Predecessor:} 12. Qc2 Bxc3 13. bxc3 Bc6 14. Ne5 Bxg2 15. Kxg2
Qd8 16. f3 Nd7 17. Nxc4 b5 18. Ne3 {1/2-1/2 (18) Valenzuela Gomez,F (2384)
-Gonzalez Garcia,J (2497) Sabadell 2018}) 12... Bd6 (12... c6 $1 $15 13. Nc7 (
13. Nc3 Bxc3) 13... b5) 13. Qxc4 $14 Bc6 14. Nxd6 cxd6 15. Rac1 Nd7 16. Qd3
Rfc8 17. Nd2 d5 18. Rc3 Qd8 19. Rfc1 Nf6 20. e3 Ne8 21. Bf1 Nd6 22. Qb1 Qe8 23.
Bd3 g6 24. h4 Kg7 25. Qc2 Ba4 26. b3 Rxc3 27. Qxc3 {[#]} Rc8 $1 28. Qb2 {
aiming for Rxc8.} (28. Qa1 Rxc1+) 28... Bb5 29. Bb1 a4 30. bxa4 {And now Rxc8
would win.} Bxa4 31. Rc5 Bb5 32. Qc3 Ra8 {Hoping for ...b6.} 33. Qb2 Ra6 34.
Rc3 (34. e4 $11) 34... Bc4 35. e4 Qc6 36. Ba2 b5 37. Bb1 $1 Qb6 (37... dxe4 $2
38. d5 $18) (37... Nxe4 $6 38. Bxe4 dxe4 39. d5 $16) 38. e5 Nc8 {[%cal Bd6c8,
Bc8e7,Be7c6][%mdl 32]} 39. Rf3 Ne7 {Threatening ...Nc6.} 40. h5 Nc6 41. Rf4 Qa5
42. h6+ (42. Kg2 $1 $14) 42... Kg8 $11 43. Nxc4 dxc4 (43... bxc4 $2 44. Qb7 $18
) 44. d5 Nd8 ({Don't go for} 44... exd5 $2 45. e6 $18) (44... Qe1+ $11 45. Kh2
Qxe5 46. Qxb5 {[%mdl 64] Double Attack} Qh5+ 47. Rh4 Qf3 48. Qxa6 Qxf2+ 49. Kh3
Qf1+ {[%mdl 64] Double Attack} 50. Kh2 Qf2+ 51. Kh3 Qf1+ {[%mdl 64] Double
Attack} 52. Kh2 Qf2+) 45. d6 $14 Rc6 (45... Nc6 $14) 46. Rf3 $16 f5 {[#]} 47.
g4 ({White should play} 47. Qe2 $1 $16 {Bxf5! is the strong threat.} Rc8 48. g4
) 47... Rc5 {[#]} ({Much worse is} 47... fxg4 $6 48. Rf6 $16) (47... Qe1+ $11 {
remains equal.} 48. Kg2 Rc5) 48. gxf5 (48. Qe2 $1 $16 {[%cal Rg4f5]} Nc6 49.
gxf5) 48... Qe1+ $14 49. Kg2 (49. Kh2 $5 {[%cal Rf5g6]} exf5 50. e6 Nxe6 51.
Re3 $11) 49... Rxe5 $2 {[%mdl 8192]} (49... exf5 $11 50. e6 (50. Re3 Qd1 $11)
50... Nxe6) 50. Re3 {Weighted Error Value: White=0.17/Black=0.18} 1-0

[Event "EICC 2021"]
[Site "Reykjavik"]
[Date "2021.08.29"]
[Round "4.33"]
[White "Mazur, Stefan"]
[Black "Sanal, Vahap"]
[Result "1/2-1/2"]
[WhiteElo "2416"]
[BlackElo "2557"]
[Annotator "TA"]
[PlyCount "92"]
[EventDate "2021.08.26"]
[EventType "swiss"]
[EventCountry "ISL"]
[Tiebreak "Cut1 Buchholz"]
[SourceTitle "playchess.com"]
[Source "ChessBase"]
[SourceQuality "1"]

{[%evp 13,92,17,22,2,23,8,31,-26,-18,-26,-31,-30,-25,-30,-23,-43,-48,-52,-19,
-21,0,-39,-6,0,7,8,37,22,151,50,213,196,199,190,332,337,339,332,341,331,320,
333,333,337,306,314,310,216,220,233,215,114,227,52,63,0,18,-223,-214,-226,-215,
-191,-185,-167,-123,-614,0,0,0,0,0,0,0,0,0,0,0,0,0,0,0]} 1. e4 e5 2. Nf3 Nc6 3.
Bb5 a6 4. Ba4 Nf6 5. O-O Be7 6. d3 b5 7. Bb3 d6 8. Bd2 {C84: Closed Ruy Lopez:
Unusual White 6th moves.} O-O 9. h3 a5 {[%cal Ba6a5,Ba5a4][%mdl 32] [#]} 10.
Nc3 $146 (10. a4 $14) ({Predecessor:} 10. a4 b4 11. Re1 Be6 12. Be3 h6 13. Nbd2
d5 14. d4 dxe4 15. dxe5 Bxb3 16. exf6 Bxf6 17. Nxe4 {1/2-1/2 (68) Grandelius,N
(2691)-Ragger,M (2684) Batumi 2019}) 10... a4 $11 11. Bd5 Nxd5 12. exd5 Na7 13.
d4 f6 14. Qe2 Qe8 15. Rfe1 Bb7 16. a3 Qf7 17. dxe5 fxe5 18. Bg5 Bf6 19. Rad1 {
[%cal Ba1d1,Bd1d3,Bd3g3][%mdl 32]} h6 20. Bxf6 gxf6 (20... Qxf6 $11 21. Nd2 (
21. Nxb5 Nxb5 22. Qxb5 Bc8 $11) 21... Qf7) 21. Nh2 (21. Nh4 $1 $16) 21... Qg6
$2 (21... f5 $14) 22. Rd3 $1 $18 {[%cal Rd3g3] Threatens to win with Rg3.} (22.
Nxb5 Nxb5 23. Qxb5 Bc8 $14) 22... Kh8 23. Rg3 Qf5 (23... Qh7 {was called for.}
24. f4 Nc8) 24. Ng4 (24. Nxb5 Nxb5 25. Qxb5 Rab8 $16) 24... Qh7 {intending ...
h5.} 25. Ne4 ({Stronger than} 25. Nxb5 Bxd5 26. Nc3 Bc6 $11) 25... f5 {[#]} 26.
Nxe5 $1 {[%mdl 576] Deflection} dxe5 27. Nc5 {[%csl LRb7,LRe5]} Rae8 28. Nxb7
f4 29. Rg4 Rf5 30. Nc5 h5 31. Rh4 Rg8 {aiming for ...f3.} 32. Qf3 ({White
should play} 32. g4 $18 fxg3 33. f4) 32... Qg6 (32... Nc8 $16 {keeps fighting.}
) 33. Ne4 $2 (33. Nd7 $18 Qg5 34. Qg4) 33... Nc8 $14 {[%cal Ba7c8,Bc8d6,Bd6e4]
[%mdl 32]} 34. Kh2 (34. Kh1 $14) 34... Nd6 35. g4 $2 (35. Rg1 $11 {and White
has nothing to worry.}) 35... fxg3+ $1 $19 36. Qxg3 {[#]} Qh7 37. Qe3 {[#]}
Nxe4 38. Qxe4 Qg6 39. c3 $2 {[%mdl 8192]} (39. Kh1 $17) 39... Qg5 $2 (39...
Rxf2+ $19 40. Kh1 Rf5) 40. Qg4 $11 {The position is equal.} ({Of course not} 
40. Kh1 Qg6 $17) 40... Rxf2+ ({But not} 40... Qxg4 $6 41. hxg4 Rxg4 42. Rxg4
$16) 41. Kh1 Qxg4 42. hxg4 Rxg4 43. Rxh5+ {[%mdl 64] Double Attack} Kg7 44.
Rhxe5 Rxb2 45. Re7+ Kg6 46. Rxc7 Rh4+ {Weighted Error Value: White=0.48/
Black=0.39} 1/2-1/2

[Event "EICC 2021"]
[Site "Reykjavik"]
[Date "2021.08.29"]
[Round "4.34"]
[White "Subelj, Jan"]
[Black "Kulaots, Kaido"]
[Result "1/2-1/2"]
[WhiteElo "2412"]
[BlackElo "2548"]
[Annotator "TA"]
[PlyCount "183"]
[EventDate "2021.08.26"]
[EventType "swiss"]
[EventCountry "ISL"]
[Tiebreak "Cut1 Buchholz"]
[SourceTitle "playchess.com"]
[Source "ChessBase"]
[SourceQuality "1"]

{[%evp 9,183,31,30,27,31,19,30,19,5,18,81,72,153,143,186,178,287,281,279,129,
109,96,83,0,114,62,50,-200,183,122,222,-129,-120,-132,-113,-113,-84,-79,-98,
-79,-74,-298,-280,-280,-285,-591,-583,-541,-439,-502,-495,-469,-392,-390,-395,
-572,-482,-708,-708,-700,-691,-654,-667,-884,-445,-444,-444,-450,-450,-437,
-439,-444,-40,-40,-40,-44,-44,-45,0,-13,0,0,0,0,0,0,0,-8,0,0,0,0,0,-8,0,0,0,-8,
0,-8,0,0,0,0,0,0,0,0,0,0,0,-59,0,0,0,0,0,0,0,0,0,0,0,0,0,0,0,0,0,0,0,0,0,0,0,0,
0,0,0,0,0,0,0,-8,0,0,0,0,0,0,0,0,0,0,0,0,0,0,0,0,0,0,0,0,0,0,0,0,0,0,0,0,0,0,0,
0]} 1. e4 c5 2. Nf3 d6 3. Bb5+ Nd7 4. O-O Ngf6 5. Re1 a6 6. Bd3 {B51: Sicilian:
Moscow Variation (3 Bb5+) without 3...Bd7.} b5 7. c4 Rb8 8. Nc3 {[%cal Rc4b5]
White has an edge.} b4 9. Nd5 {[#]} Ng4 $146 (9... e5 $11) ({Predecessor:} 9...
e5 10. a3 a5 11. axb4 axb4 12. Ra7 Nxd5 13. cxd5 Be7 14. Qe2 Qb6 15. Ra1 Nf6 {
1/2-1/2 (48) Kovalev,V (2655)-Salgado Lopez,I (2643) Ankara 2018}) 10. Bc2 $1
$16 Nge5 (10... e6 $142) 11. Ba4 {Strongly threatening d4.} e6 {[#]} 12. d4 $1
Nxf3+ (12... cxd4 {might work better.} 13. Nxd4 (13. Qxd4 f6 $11) 13... Bb7)
13. Qxf3 $18 (13. gxf3 cxd4 14. Qxd4 f6 $11) 13... cxd4 {[#]} 14. Qg4 Qa5 $16
15. Qg5 {[%mdl 1024] White has strong compensation.} Qd8 16. Qg4 {aiming for
e5.} Qa5 {[#]} 17. Bg5 $1 h6 $14 18. Qf5 Qc5 $4 {[%mdl 8192]} (18... exf5 $19 {
and life is good for Black.} 19. exf5+ Be7 $1 {[%mdl 512]} 20. Bxe7 Bb7 21.
Bxd6+ Kd8 22. Bc7+ Qxc7 $1 {[%mdl 512]} 23. Nxc7 Kxc7) 19. Bh4 ({White should
play} 19. Qh3 $18) 19... g5 (19... exf5 $16 20. exf5+ Be7 21. Bxe7 f6 22. Bxd6+
{[%mdl 64] Double Attack, Discovered Attack} Kd8) 20. Bxg5 $2 (20. Qf6 $1 $18
Rg8 21. Bg3) 20... hxg5 $17 (20... exf5 $2 21. exf5+ Be7 22. Bxe7 $18) 21. Qxg5
Rh6 22. e5 Rg6 ({Don't blunder} 22... exd5 $2 23. exd6+ Re6 24. cxd5 $18) ({
Avoid the trap} 22... dxe5 $2 23. Rxe5 Qxc4 24. Rc1 $18) (22... Qxc4 $6 23.
exd6 Bxd6 24. Qxh6 $11) 23. Qh4 dxe5 (23... exd5 24. exd6+ Re6 25. Rxe6+ fxe6
26. Qh5+ Kd8 27. Qg5+ Ke8 28. Qg6+ Kd8 29. Qg5+ Ke8 30. Re1 $16) 24. Rxe5 Qxc4
{Hoping for ...Rb5.} 25. Rae1 $2 {[#]} (25. b3 $17 {was worth a try.} Qc2 26.
Qf4) 25... Rb5 $1 $19 {[%cal Rb5d5]} 26. Bxb5 axb5 27. Rh5 (27. b3 {is a
better chance.} Qc6 28. Rg5 Rxg5 29. Qxg5) 27... Bb7 28. b3 Qc6 29. Qxd4 Kd8
30. Qh4+ f6 31. Qe4 Rg5 {[%mdl 64] Pin} 32. Nxf6 (32. Rxg5 $142 fxg5 33. Nf6)
32... Rxg2+ 33. Kf1 (33. Kxg2 $142 Nxf6 34. Qxc6 Bxc6+ 35. Kf1 Nxh5 36. Rxe6)
33... Nxf6 34. Qxc6 Bxc6 35. Rh8 Ke7 36. Rxf8 Kxf8 37. Rxe6 Ng4 {[%mdl 64]
Double Attack} 38. Rxc6 Rxf2+ {[%mdl 4160] Endgame Double Attack. KRN-KR} 39.
Ke1 Rxa2 40. Re6 Rb2 $2 (40... Nxh2 $19 41. Kd1 Ng4) 41. Re4 $1 $15 Nxh2 42.
Rxb4 Nf3+ 43. Kd1 Nd2 (43... Ke7 {seems wilder.} 44. Rxb5 Kd6 45. b4 Rd2+ 46.
Kc1 Kc7) 44. Rxb5 Nxb3 45. Rb7 (45. Rb6 {is more complex.} Ke8 46. Rb8+ Kd7 47.
Ke1 Rb1+ 48. Kf2) 45... Ke8 46. Rh7 (46. Rg7 {seems wilder.} Ra2 47. Rb7 Ra1+
48. Kc2 Nd4+ 49. Kd3) 46... Nd4 47. Kc1 (47. Rh8+ {keeps more tension.} Ke7 48.
Ke1 Kf6 49. Re8 Nf3+ 50. Kf1) 47... Rf2 (47... Rg2 {feels hotter.} 48. Rh8+ Kf7
49. Rb8 Re2 50. Kd1 Kf6) 48. Kd1 (48. Rb7 {is more complex.} Nf3 49. Rb8+ Kf7
50. Rb6 Rf1+ 51. Kc2) 48... Nf5 (48... Nf3 {is more complex.} 49. Rh8+ Ke7 50.
Kc1 Rd2 51. Rh1 Rd5) 49. Ra7 Ne7 (49... Nh6 {feels hotter.} 50. Rb7 Rh2 51.
Rb8+ Ke7 52. Rb7+ Kd6) 50. Rc7 Kf7 (50... Rf1+ {looks sharper.} 51. Ke2 Rf8 52.
Rb7 Nc6 53. Rg7 Nd4+) 51. Rc2 (51. Rb7 {seems wilder.} Ra2 52. Ke1 Ra8 53. Ke2
Ra2+ 54. Kd3) 51... Rf5 52. Ke1 Ke6 53. Re2+ Kd6 54. Rf2 Rh5 55. Kd2 Nd5 56.
Rf8 Kc5 57. Rc8+ Kd4 58. Rd8 Rh2+ 59. Kd1 Ke4 60. Kc1 (60. Rc8 $11) 60... Nb4 (
60... Ne3 $1 $15) 61. Re8+ {The position is equal.} Kd3 62. Rd8+ Kc3 63. Rc8+
Kb3 64. Kd1 Nc2 (64... Na2 {keeps more tension.} 65. Rb8+ Kc4 66. Rd8 Kc3 67.
Rc8+ Kb2) 65. Rc7 $1 Ne3+ 66. Ke1 Nc4 67. Rc8 Kc3 68. Rc7 (68. Kd1 {feels
hotter.} Kb3 69. Ke1) 68... Rc2 (68... Kd4 {feels hotter.} 69. Rb7 Ke4 70. Re7+
Ne5 71. Rb7 Kd5) 69. Rc8 Kd4 70. Rd8+ Ke4 71. Re8+ Ne5 (71... Kd3 {looks
sharper.} 72. Rd8+ Ke4) 72. Kd1 Ra2 73. Ke1 Kd4 74. Kf1 Nf3 75. Re4+ Kd5 {
( -> ...Nh2+)} 76. Re2 Ra8 77. Re3 Nd2+ (77... Ne1 $5) 78. Kg2 Ne4 79. Rf3 Ra2+
80. Kg1 Kd4 (80... Ra6 {is more complex.} 81. Rf5+ Kc4 82. Rf4 Kd5 83. Kg2 Ra2+
) 81. Rf8 Ke3 (81... Nf2 $5) 82. Re8 (82. Rb8 {keeps more tension.} Nf2 83.
Rb3+ Ke2 84. Rb7 Nh3+ 85. Kh1) 82... Ra6 (82... Kf4 {with more complications.}
83. Rf8+ Ke3) 83. Rg8 Nf6 (83... Nd2 {is interesting.} 84. Kg2 Nb1 85. Rg3+ Kf4
86. Rb3 Nd2) 84. Rg3+ Kf4 (84... Kd2 {seems wilder.} 85. Rb3 Ng4 86. Rb2+ Kc1
87. Rb3 Kd1) 85. Rb3 Ng4 86. Kf1 Re6 87. Ra3 (87. Kg2 {looks sharper.} Re2+ 88.
Kf1 Ra2 89. Rb4+ Kg5 90. Rb5+) 87... Ne3+ 88. Kf2 Re4 89. Rb3 Ng4+ 90. Kf1 Ne3+
91. Kf2 $1 Ng4+ 92. Kf1 $1 {White used his chance.  Weighted Error Value:
White=0.49/Black=0.45} 1/2-1/2

[Event "EICC 2021"]
[Site "Reykjavik"]
[Date "2021.08.29"]
[Round "4.36"]
[White "Hillarp Persson, Tiger"]
[Black "Sousa, Andre Ventura"]
[Result "1/2-1/2"]
[WhiteElo "2543"]
[BlackElo "2405"]
[Annotator "TA"]
[PlyCount "84"]
[EventDate "2021.08.26"]
[EventType "swiss"]
[EventCountry "ISL"]
[Tiebreak "Cut1 Buchholz"]
[SourceTitle "playchess.com"]
[Source "ChessBase"]
[SourceQuality "1"]

{[%evp 20,84,13,0,17,5,8,2,27,22,31,0,14,-49,-31,-38,-24,-58,-33,-53,-39,-47,
-7,-14,-8,-25,0,-7,0,0,0,0,0,0,0,0,0,0,28,16,24,10,29,6,20,12,0,-71,-70,-110,
-92,-281,-275,-502,-475,-1360,0,0,0,0,0,0,0,0,0,0,0]} 1. d4 Nf6 2. c4 g6 3. Nc3
d5 4. Nf3 Bg7 5. cxd5 Nxd5 6. e4 Nxc3 7. bxc3 c5 8. Be3 Qa5 9. Qd2 O-O 10. Rc1
Bg4 11. Ng5 Nc6 {D85: Exchange Grünfeld: Unusual White 7th moves and lines
with 7 Nf3.} 12. h3 cxd4 13. cxd4 {Qxa5 is the strong threat.} Bd7 14. d5 {[#]}
Nb4 $146 {aiming for ...Rfc8.} ({Predecessor:} 14... Qxd2+ 15. Kxd2 Na5 16. Bd3
Rfd8 17. Bf4 e5 18. Be3 Bf8 19. f4 exf4 20. Bxf4 Rdc8 {1-0 (38) Fressinet,L 
(2625)-Lagarde,M (2626) Chartres 2019}) 15. Bc4 b5 $1 {[#]} 16. Bc5 $1 bxc4 $15
17. Bxb4 Qb6 18. Bc3 Bh6 $1 {White must now prevent ...f6.} 19. f4 f6 20. Nf3
e5 21. dxe6 $1 Bxe6 22. Nd4 $1 Rae8 23. O-O $1 Bc8 24. Rb1 Qa6 25. Rbe1 Bb7 26.
Qc2 Rf7 27. f5 Qd6 28. Ne6 Qd3 29. Qa4 Rc8 30. Rf3 Qd6 31. Rd1 Qb6+ 32. Bd4 Qc6
33. Qa5 (33. Qc2 $11) 33... Qxe4 $17 34. Bc5 {Threatens to win with Rd8+.} Qe5
35. Rd8+ $2 {[#]} (35. Rf2 $17 {was the only chance.}) 35... Rf8 $1 $19 {
[%cal Rf8d8][%mdl 576] Pin} 36. Rd7 {[#]} (36. Nxf8 {was the only defense.}
Rxd8 {[%mdl 64] Overworked Piece} 37. Qxd8 Qxc5+ {[%mdl 64] Double Attack} 38.
Rf2 Qxf8 39. Qd4) 36... Rxc5 $1 {[%mdl 512]} 37. Qxa7 {[#]} (37. Qxc5 $142
Qxc5+ 38. Nxc5 Bxf3 39. gxf3 Be3+ {[%mdl 64] Double Attack} 40. Kf1 Bxc5 41.
Rc7) 37... Be3+ $2 (37... Rb5 $1 $19 {[%cal Rb5b1] ( -> ...Rb1+)} 38. Rxb7 Rxb7
39. Qxb7 Rb8 40. Qxb8+ Qxb8) 38. Rxe3 $1 $11 {The position is equal.} Qxe3+ 39.
Kh2 Qe5+ {[%mdl 64] Double Attack} 40. Kg1 Qe1+ ({Not} 40... Qxf5 41. Qxb7 Rc7
42. Rxc7 Qh5 43. Rg7+ Kh8 44. Qe7 Qd1+ 45. Kh2 Qd6+ 46. Qxd6 Ra8 47. Qe7 h6 48.
Rh7+ {[%mdl 64] Double Attack} Kg8 49. Qg7#) 41. Kh2 Qe5+ 42. Kg1 Qe1+ {
Weighted Error Value: White=0.44/Black=0.21} ({Stronger than} 42... Qxf5 43.
Qxb7 Rc7 44. Rxc7 Qh5 45. Rg7+ Kh8 46. Qe7 Qd1+ 47. Kh2 Qd6+ 48. Qxd6 Ra8 49.
Qe7 h6 50. Rh7+ {[%mdl 64] Double Attack} Kg8 51. Qg7#) 1/2-1/2